| 000 | 00447cam a2200169ua 4500 | ||
|---|---|---|---|
| 003 | OSt | ||
| 008 | 250823b |||||||| |||| 00| 0 eng d | ||
| 041 | _aeng | ||
| 082 |
_a628 _bSPI/CH |
||
| 100 |
_aSpiro, Thomas G . _97775 |
||
| 245 | _aChemistry of the environment / | ||
| 250 | _a2 / | ||
| 260 |
_aNew Delhi : _bPrentice Hall of India Pvt Ltd. , _c2006. |
||
| 300 |
_a490 ; _eCD. |
||
| 700 | 1 |
_aStigliani, William M . _97776 |
|
| 942 | _cBK | ||
| 999 |
_c13266 _d13266 |
||